000 01019nam a2200325Ia 4500
001 Z_1415
003 CHAP
008 220113s1985 xx 000 0 und d
010 _a164504
040 _cCHAP
082 _a636.080913 S5
100 _aSimposium de Ganadería Tropical (4: 1985: Veracruz, Ver.)
_9138601
245 _aForrajes tropicales : memorias /
_cpor INIFAP. Centro de Investigaciones Pecuarias del Golfo Centro
260 _aMéxico :
_bEl Instituto,
_c1985
300 _a72 p
440 _a
500 _a
503 _a
650 _aAlimentos y alimentación del ganado I. Asociación de Médicos Veterinarios Zootecnistas. Veracruz, Ver. II. Unión Ganadera Regional Zona Centro del Edo. de Veracruz
_9138602
650 _aForrajes
650 _aGanadería
_xCongresos
_944677
650 _aGanadería
_xTrópicos
_944856
650 _aTrópicos
_xGanadería
_9115286
901 _a636.080913 S5
902 _aA
910 _a1985
942 _c1
942 _cc1
999 _c164504
_d164504